都道府県別 標高の高い市top5 - Statistics

General Stats
  • This quiz has been taken 330 times
  • The average score is 73 of 234
Answer Stats
標高(m) Answer % Correct
北海道 112.4m 旭川市
66%
青森県 70.6m 十和田市
62%
岩手県 126.6m 盛岡市
62%
東京都 121.9m 八王子市
62%
青森県 44.7m 弘前市
60%
東京都 186.4m 青梅市
60%
山形県 146.2m 山形市
58%
神奈川県 124.7m 相模原市
58%
北海道 171.6m 富良野市
58%
栃木県 294.0m 那須塩原市
56%
秋田県 65.5m 横手市
54%
栃木県 379.3m 日光市
54%
東京都 152.9m あきる野市
54%
北海道 312.3m 夕張市
53%
岩手県 134.2m 二戸市
53%
秋田県 71.0m 大館市
53%
山形県 239.6m 米沢市
53%
埼玉県 234.1m 秩父市
53%
岐阜県 566.5m 高山市
53%
宮城県 20.8m 大崎市
52%
秋田県 229.4m 仙北市
52%
秋田県 93.3m 湯沢市
52%
東京都 128.1m 福生市
52%
岩手県 267.2m 遠野市
51%
新潟県 94.1m 魚沼市
50%
福島県 244.4m 郡山市
49%
新潟県 163.4m 南魚沼市
49%
北海道 117.5m 歌志内市
48%
岩手県 266.6m 八幡平市
48%
青森県 53.5m 黒石市
47%
宮城県 50.6m 白石市
47%
宮城県 45.7m 仙台市
47%
東京都 153.4m 羽村市
47%
神奈川県 104.7m 秦野市
47%
富山県 82.6m 南砺市
47%
山梨県 772.0m 富士吉田市
47%
鳥取県 6.3m 鳥取市
47%
鳥取県 2.9m 米子市
47%
福島県 356.2m 白河市
46%
福島県 226.1m 二本松市
46%
群馬県 412.3m 沼田市
46%
岐阜県 492.4m 飛騨市
46%
青森県 43.0m 平川市
45%
岩手県 147.1m 滝沢市
45%
宮城県 38.6m 栗原市
45%
群馬県 196.5m 渋川市
45%
静岡県 460.0m 御殿場市
45%
山形県 180.2m 上山市
44%
福島県 260.7m 須賀川市
44%
新潟県 153.2m 十日町市
44%
富山県 47.9m 砺波市
44%
福井県 175.2m 大野市
44%
福井県 9.5m 福井市
44%
山梨県 481.8m 北杜市
44%
鳥取県 25.7m 倉吉市
44%
秋田県 123.7m 鹿角市
43%
群馬県 175.0m 安中市
43%
鳥取県 2.6m 境港市
43%
福島県 408.3m 田村市
42%
埼玉県 108.4m 飯能市
42%
神奈川県 59.3m 南足柄市
42%
新潟県 64.4m 妙高市
42%
富山県 18.2m 黒部市
42%
長野県 761.5m 諏訪市
42%
岐阜県 368.3m 下呂市
42%
静岡県 121.7m 富士宮市
42%
滋賀県 169.9m 甲賀市
42%
茨城県 54.3m 常陸大宮市
41%
栃木県 215.0m 大田原市
41%
福井県 34.3m 越前市
41%
三重県 148.0m 伊賀市
41%
石川県 26.9m 白山市
41%
富山県 29.6m 小矢部市
40%
福井県 128.7m 勝山市
40%
山梨県 361.7m 大月市
40%
長野県 801.6m 茅野市
40%
青森県 41.1m 三沢市
39%
山形県 228.0m 南陽市
39%
山形県 202.2m 長井市
39%
静岡県 127.3m 裾野市
39%
栃木県 196.0m 矢板市
38%
神奈川県 66.9m 大和市
38%
長野県 780.9m 岡谷市
38%
滋賀県 131.9m 東近江市
38%
京都府 42.4m 京都市
38%
北海道 130.3m 士別市
37%
石川県 24.7m 金沢市
37%
福井県 32.2m 鯖江市
37%
長野県 711.5m 塩尻市
37%
愛知県 53.9m 新城市
37%
京都府 135.1m 南丹市
37%
京都府 101.0m 亀岡市
37%
大阪府 124.3m 河内長野市
37%
群馬県 165.9m 富岡市
36%
栃木県 162.8m さくら市
35%
群馬県 137.3m みどり市
35%
埼玉県 73.1m 日高市
35%
神奈川県 78.4m 座間市
35%
富山県 20.2m 魚津市
35%
岐阜県 323.5m 中津川市
35%
三重県 225.7m 名張市
35%
和歌山県 80.5m 橋本市
35%
岐阜県 278.3m 恵那市
34%
茨城県 51.3m 桜川市
33%
茨城県 50.1m 北茨城市
33%
山梨県 401.0m 甲州市
33%
長野県 727.6m 大町市
33%
兵庫県 208.0m 丹波篠山市
33%
岡山県 95.2m 津山市
33%
香川県 3.3m 高松市
33%
島根県 5.7m 益田市
32%
広島県 156.2m 三次市
32%
千葉県 29.6m 佐倉市
31%
三重県 66.8m 亀山市
31%
兵庫県 102.3m 丹波市
31%
兵庫県 92.6m 宍粟市
31%
和歌山県 48.6m 紀の川市
31%
島根県 38.4m 雲南市
31%
岡山県 182.0m 新見市
31%
茨城県 42.8m 笠間市
30%
三重県 109.1m いなべ市
30%
島根県 7.4m 出雲市
30%
宮城県 41.5m 富谷市
29%
新潟県 53.5m 小千谷市
29%
山梨県 481.7m 都留市
29%
静岡県 48.6m 伊豆市
29%
滋賀県 133.9m 湖南市
29%
京都府 42.6m 綾部市
29%
奈良県 124.9m 五條市
29%
徳島県 113.3m 三好市
29%
熊本県 508.9m 阿蘇市
29%
埼玉県 104.4m 入間市
28%
石川県 30.4m 野々市市
28%
奈良県 309.1m 宇陀市
28%
広島県 203.3m 安芸高田市
28%
岡山県 144.6m 真庭市
27%
山口県 32.3m 山口市
27%
香川県 4.9m 丸亀市
27%
埼玉県 73.1m 狭山市
26%
愛知県 90.1m 瀬戸市
26%
愛知県 52.8m 犬山市
26%
滋賀県 106.3m 栗東市
26%
岡山県 82.0m 美作市
26%
広島県 257.8m 庄原市
26%
茨城県 42.7m 日立市
25%
石川県 14.6m 羽咋市
25%
島根県 8.6m 江津市
25%
香川県 32.4m 善通寺市
25%
石川県 37.5m 能美市
24%
静岡県 56.8m 島田市
24%
兵庫県 147.0m 三田市
24%
和歌山県 21.9m 岩出市
24%
愛媛県 23.1m 松山市
24%
奈良県 136.6m 生駒市
23%
山口県 88.1m 美祢市
23%
香川県 3.6m 観音寺市
23%
滋賀県 98.7m 野洲市
22%
大阪府 64.4m 富田林市
22%
奈良県 90.5m 御所市
22%
島根県 23.2m 大田市
22%
千葉県 44.6m 八街市
21%
三重県 19.2m 尾鷲市
21%
大阪府 84.8m 大阪狭山市
21%
大阪府 73.0m 箕面市
21%
愛媛県 208.7m 西予市
21%
熊本県 112.3m 人吉市
21%
大分県 89.7m 日田市
21%
千葉県 39.6m 富里市
20%
岡山県 62.9m 高梁市
20%
香川県 14.4m 三豊市
20%
愛媛県 101.5m 東温市
20%
宮崎県 230m えびの市
20%
和歌山県 8.4m 新宮市
19%
宮崎県 203.3m 小林市
19%
宮崎県 146.3m 都城市
19%
徳島県 14.8m 吉野川市
18%
愛媛県 19.1m 四国中央市
18%
千葉県 38.9m 勝浦市
17%
愛知県 62.3m 長久手市
17%
京都府 46.6m 京田辺市
17%
兵庫県 79.7m 加東市
17%
広島県 212.7m 東広島市
17%
徳島県 39.6m 美馬市
17%
愛媛県 16.5m 大洲市
17%
高知県 42.5m 香美市
17%
長崎県 7.0m 長崎市
17%
大分県 259.1m 竹田市
17%
大分県 166.7m 由布市
17%
徳島県 69.2m 阿波市
16%
福岡県 60.0m 田川市
16%
佐賀県 10.0m 武雄市
16%
大阪府 25.8m 豊中市
15%
広島県 28.1m 府中市
15%
高知県 51.9m 宿毛市
15%
高知県 12.9m 土佐清水市
15%
熊本県 66.6m 菊池市
15%
大分県 133.7m 豊後大野市
15%
福岡県 30.9m うきは市
14%
佐賀県 31.9m 伊万里市
14%
愛知県 57.8m 尾張旭市
13%
奈良県 82.8m 葛城市
13%
和歌山県 62.6m 海南市
13%
山口県 15.6m 周南市
13%
福岡県 46.6m 朝倉市
13%
佐賀県 24.1m 鳥栖市
13%
長崎県 7.8m 佐世保市
13%
熊本県 36.5m 山鹿市
13%
宮崎県 13.0m 西都市
13%
徳島県 3.7m 阿南市
12%
高知県 20.7m 香南市
12%
佐賀県 72.0m 多久市
12%
長崎県 11.2m 雲仙市
12%
沖縄県 110.0m 沖縄市
12%
千葉県 29.4m 鎌ケ谷市
11%
山口県 7.3m 防府市
10%
山口県 7.2m 光市
10%
長崎県 12.7m 南島原市
10%
鹿児島県 182.0m 伊佐市
10%
鹿児島県 20.4m 鹿屋市
10%
福岡県 37.2m 太宰府市
9%
佐賀県 8.9m 鹿島市
9%
長崎県 29.8m 壱岐市
9%
熊本県 101.5m 合志市
9%
大分県 47.3m 別府市
9%
高知県 15.8m 須崎市
8%
宮崎県 8.2m 串間市
8%
鹿児島県 170.1m 曽於市
8%
沖縄県 99.0m 宜野湾市
8%
沖縄県 132.1m 南城市
7%
福岡県 39.2m 筑紫野市
6%
沖縄県 82.2m 浦添市
6%
沖縄県 37.6m 宮古島市
6%
鹿児島県 75.0m 日置市
5%
鹿児島県 126.9m 南九州市
4%
No matching quizzes found
Score Distribution
Percent of People with Each Score
Percentile by Number Answered
Your Score History
You have not taken this quiz